Jambak 4 : proses kreatif pengarang Melayu
| Other Authors: | |
|---|---|
| Format: | Book |
| Published: |
Kuala Lumpur :
DBP ,
1995
|
| Subjects: |
MARC
| LEADER | 00000cam a2200000 7i4500 | ||
|---|---|---|---|
| 001 | 0000007090 | ||
| 002 | 000007631 | ||
| 005 | 20011127.0 | ||
| 020 | |a 9836248420 | ||
| 090 | 0 | 0 | |a 899.2309 |b JAM |
| 245 | 0 | 0 | |a Jambak 4 : |b proses kreatif pengarang Melayu |c diselenggarakan oleh Ahmad Kamal Abdullah |
| 260 | |a Kuala Lumpur : |b DBP , |c 1995 | ||
| 300 | |a 219p. ; |c 21cm. | ||
| 650 | 0 | 0 | |a Authors, Malay |z Malaysia |
| 650 | 0 | 0 | |a Creative writing |
| 700 | 0 | |a Zaiton Ajamain | |
| 999 | |a 054728 |b BUKU |c PINJAMAN |e PERPUSTAKAAN KOMUNITI PETALING JAYA | ||